000 00524nam a2200169 i 4500
001 128636
003 ES-MaACL
005 20230906193331.0
007 t|
008 070521s1966 sp ||||1| spa d
100 1 _aTannenbaum, Frank.
_9109201
245 1 0 _aAmérica latina
_b: revolución y evolución /
_cFrank Tannenbaum ; traducción de L. Carlos Benito.
260 _aMadrid :
_bEdiciones Cid,
_c[1966]
300 _a317 p. ;
_c20 cm.
700 1 _aBenito, L. Carlos.
_927663
852 _aES-MaACL
_jD-9313
_bR.58376
999 _c128636
_d128636